Computers in polymer science (Record no. 26319)

MARC details
000 -LEADER
fixed length control field 00282nam a2200109Ia 4500
082 ## - DEWEY DECIMAL CLASSIFICATION NUMBER
Classification number 678:681.3
Item number MAT
245 #0 - TITLE STATEMENT
Title Computers in polymer science
260 ## - PUBLICATION, DISTRIBUTION, ETC. (IMPRINT)
Place of publication New York
Name of publisher Marcel Dekker
Year of publication 1977
700 ## - ADDED ENTRY--PERSONAL NAME
Personal name Mattson, James S
942 ## - ADDED ENTRY ELEMENTS (KOHA)
Koha item type Books
Holdings
Withdrawn status Lost status Damaged status Not for loan Home library Current library Date acquired Cost, normal purchase price Full call number Accession Number Koha item type
        RRII Library RRII Library 16/12/2021 34.75 678:681.3 MAT 06956 Books